| 000 | 01095nam a22002895a 4500 | ||
|---|---|---|---|
| 005 | 20151027155552.0 | ||
| 008 | 150402t2015 paua fr 001 0 eng d | ||
| 020 | _a9781469887562 | ||
| 020 | _a1469887568 | ||
| 040 |
_aEG-ScBUE _beng _dEG-ScBUE |
||
| 082 | 0 | 4 |
_a615.1076 _bPHA _222 |
| 245 | 0 | 0 |
_aPharmacology / _c[edited by] Karen Whalen, Richard Finkel, Thomas A. Panavelil. |
| 250 | _a6th ed., International ed. | ||
| 260 |
_aPhiladelphia : _bWolters Kluwer, _cc.2015. |
||
| 300 |
_axi, 664 p. : _bill. (col.) ; _c28 cm. |
||
| 490 | 0 | _aLippincott's illustrated reviews | |
| 500 | _aIndex : p. 641-662. | ||
| 650 | 7 |
_aPharmacology _vExaminations, questions, etc. _2BUEsh _936103 |
|
| 650 | 7 |
_aPharmacology _vOutlines, syllabi, etc. _2BUEsh _936102 |
|
| 650 | 7 |
_aPharmacology _vExamination Questions _2BUEsh _937573 |
|
| 651 | _2BUEsh | ||
| 653 |
_bPPhrm _cMarch2015 _cJune2015 _cJuly2015 _cOctober2015 _cSeptember2015 |
||
| 700 | 1 |
_aWhalen, Karen, _eeditor. _937572 |
|
| 700 | 1 |
_aFinkel, Richard, _eeditor. _937575 |
|
| 700 | 1 |
_aPanavelil, Thomas A., _eeditor. _937576 |
|
| 942 |
_2ddc _k615.1076 PHA |
||
| 999 |
_c19152 _d19124 |
||